<?xml version="1.0" encoding="UTF-8"?>
<collection xmlns="http://www.loc.gov/MARC21/slim">
<record>
  <controlfield tag="001">150465</controlfield>
  <controlfield tag="005">20251017144654.0</controlfield>
  <datafield tag="024" ind1="8" ind2=" ">
    <subfield code="2">sideral</subfield>
    <subfield code="a">142500</subfield>
  </datafield>
  <datafield tag="037" ind1=" " ind2=" ">
    <subfield code="a">ART-2013-142500</subfield>
  </datafield>
  <datafield tag="041" ind1=" " ind2=" ">
    <subfield code="a">spa</subfield>
  </datafield>
  <datafield tag="100" ind1=" " ind2=" ">
    <subfield code="a">Gentile, Alessandro</subfield>
    <subfield code="u">Universidad de Zaragoza</subfield>
    <subfield code="0">(orcid)0000-0003-0387-9113</subfield>
  </datafield>
  <datafield tag="245" ind1=" " ind2=" ">
    <subfield code="a">La Europa asocial. ¿Caminamos hacia un individualismo posesivo. Moreno,  Luis. Ediciones Península, 2012</subfield>
  </datafield>
  <datafield tag="260" ind1=" " ind2=" ">
    <subfield code="c">2013</subfield>
  </datafield>
  <datafield tag="506" ind1="0" ind2=" ">
    <subfield code="a">Access copy available to the general public</subfield>
    <subfield code="f">Unrestricted</subfield>
  </datafield>
  <datafield tag="520" ind1="3" ind2=" ">
    <subfield code="a">La crisis que estamos viviendo no se presenta como una coyuntura puntual de inestabilidad económica y financiera. Sus efectos profundos y perniciosos en nuestra sociedad imponen una reflexión que va más allá del tipo de estudio que se suele realizar para explicar una recesión cíclica de los mercados internacionales. Estamos asistiendo a un cambio sistémico importante del modelo de bienestar e integración social que hemos conocido en Europa desde la segunda posguerra mundial y por ello se precisa un esfuerzo analítico más articulado. El desafío al cual nos enfrentamos no es solamente económico, sino más bien, y sobre todo, social y político, además de cultural e ideológico. Reaccionar a la amenaza de un modelo neoliberal agresivo y antisocial supone una respuesta firme por parte de los actores sociales y de los decisores políticos para revitalizar el Estado de Bienestar, a nivel nacional, y el Modelo Social Europeo como conjunto de mecanismos institucionalizados orientados a la preservación de la ciudadanía social en el Viejo Continente.</subfield>
  </datafield>
  <datafield tag="540" ind1=" " ind2=" ">
    <subfield code="9">info:eu-repo/semantics/openAccess</subfield>
    <subfield code="a">by</subfield>
    <subfield code="u">https://creativecommons.org/licenses/by/4.0/deed.es</subfield>
  </datafield>
  <datafield tag="655" ind1=" " ind2="4">
    <subfield code="a">info:eu-repo/semantics/other</subfield>
    <subfield code="v">info:eu-repo/semantics/publishedVersion</subfield>
  </datafield>
  <datafield tag="710" ind1="2" ind2=" ">
    <subfield code="1">4009</subfield>
    <subfield code="2">775</subfield>
    <subfield code="a">Universidad de Zaragoza</subfield>
    <subfield code="b">Dpto. Psicología y Sociología</subfield>
    <subfield code="c">Área Sociología</subfield>
  </datafield>
  <datafield tag="773" ind1=" " ind2=" ">
    <subfield code="g">50, 3 (2013), 1159-1164</subfield>
    <subfield code="p">Polít. Soc.</subfield>
    <subfield code="t">Politica y Sociedad</subfield>
    <subfield code="x">1130-8001</subfield>
  </datafield>
  <datafield tag="856" ind1="4" ind2=" ">
    <subfield code="s">32826</subfield>
    <subfield code="u">http://zaguan.unizar.es/record/150465/files/texto_completo.pdf</subfield>
    <subfield code="y">Versión publicada</subfield>
  </datafield>
  <datafield tag="856" ind1="4" ind2=" ">
    <subfield code="s">1474812</subfield>
    <subfield code="u">http://zaguan.unizar.es/record/150465/files/texto_completo.jpg?subformat=icon</subfield>
    <subfield code="x">icon</subfield>
    <subfield code="y">Versión publicada</subfield>
  </datafield>
  <datafield tag="909" ind1="C" ind2="O">
    <subfield code="o">oai:zaguan.unizar.es:150465</subfield>
    <subfield code="p">articulos</subfield>
    <subfield code="p">driver</subfield>
  </datafield>
  <datafield tag="951" ind1=" " ind2=" ">
    <subfield code="a">2025-10-17-14:37:34</subfield>
  </datafield>
  <datafield tag="980" ind1=" " ind2=" ">
    <subfield code="a">ARTICLE</subfield>
  </datafield>
</record>
</collection>